Cyrano de Bergerac : la tirade du nez - Statistiques

Statistiques générales
  • Ce quiz a été pris 992 fois
  • Le résultat moyen est 18 sur 26
Statistiques - réponses
Question Réponse % Correct
Vous vous préoccupâtes De tendre ce... Perchoir
94%
Il faudrait sur-le-champ que je me l’amputasse ! » Amical : « Mais il doit... Tremper dans votre tasse !
94%
Descriptif : « C’est un roc !... c’est un pic !... c’est un cap !... Que dis-je, c’est un cap ? C’est une... Péninsule ! »
93%
Pour boire, faites-vous fabriquer... Un hanap ! »
88%
En variant le ton, - par exemple, tenez : Agressif : « Moi, monsieur, si j’avais... Un tel nez
87%
Curieux : «  De quoi sert cette oblongue capsule ? D’écritoire, monsieur, ou de... Boîte à ciseaux ? »
85%
Emphatique : « Aucun vent ne peut, nez magistral, T’enrhumer tout entier, excepté... Le mistral ! »
84%
Ah ! Non ! c’est un peu court, jeune homme ! On pouvait dire... Oh ! Dieu !... Bien des choses en somme...
83%
Dramatique : « ... C’est la Mer Rouge quand il saigne ! »
80%
À leur petites pattes ? » Truculent : « Ça, monsieur, lorsque vous pétunez, La vapeur du tabac vous sort-elle du nez Sans qu’un voisin ne crie... Au feu de cheminée ? »
77%
Prévenant : « Gardez-vous, votre tête entraînée Par ce poids, de tomber... En avant sur le sol ! »
77%
Vous n’en eûtes jamais un atome, et de lettres Vous n’avez que les trois qui forment le mot :... Sot !
75%
Militaire : « Pointez contre cavalerie ! » Pratique : « Voulez-vous le mettre en loterie ? Assurément, monsieur, ce sera... Le gros lot ! »
74%
Enfin, parodiant Pyrame en un sanglot : « Le voilà donc ce nez qui des traits de son maître A détruit l’harmonie ! Il en rougit, ... Le traître ! »
72%
Me servir toutes ces folles plaisanteries, que vous n’en eussiez pas articulé... Le quart
71%
Admiratif : « Pour un parfumeur, quelle enseigne ! » Lyrique : « Est-ce une conque, êtes-vous... Un triton ? »
65%
Gracieux : « Aimez-vous à ce point les oiseaux Que... Paternellement
63%
Mais je ne permets pas qu’un autre me les... Serve.
62%
Pédant : « L’animal seul, monsieur, qu’Aristophane Appelle... Hippocampelephantocamélos
61%
Naïf : « Ce monument, quand le visite-t-on ? » Respectueux : « Souffrez, monsieur, qu’on vous salue, C’est là ce qui s’appelle avoir... Pignon sur rue ! »
59%
Dut avoir sous le front tant de chair sur tant d’os ! » Cavalier : « Quoi, l’ami, ce croc est à la mode ? Pour prendre son chapeau, c’est vraiment... Très commode ! »
56%
De la moitié du commencement d’une, car Je me les sers moi-même, avec assez de... Verve,
54%
Eussiez-vous eu, d’ailleurs, l’invention qu’il faut Pour pouvoir là, devant ces nobles... Galeries,
53%
Campagnard : « Hé, ardé ! C’est-y un nez ? Nanain ! C’est queuqu’navet géant ou ben queuqu’... Melon nain ! »
52%
- Voilà ce qu’à peu près, mon cher, vous m’auriez dit Si vous aviez un peu de lettres et d’esprit. Mais d’esprit, ô le plus... Lamentable des êtres,
49%
Tendre : « Faites-lui faire un petit parasol De peur que sa couleur au soleil ne se... Fane ! »
26%
Aucun quiz correspondant
Distribution des résultats
% des personnes avec chaque résultat
Percentile par nombre de réponses
Votre historique - résultats
Vous n’avez pas pris ce quiz